[Event "Cologne Chess Days op"]
[Site "Cologne"]
[Date "2010.08.22"]
[Round "4"]
[White "Van Kempen, Susanne"]
[Black "Coeln, Felix"]
[Result "1-0"]
[WhiteElo "1567"]
[BlackElo "1246"]
[PlyCount "95"]
[EventDate "2010.08.20"]
[EventType "swiss"]
[EventRounds "5"]
[EventCountry "GER"]
[SourceTitle "EXT 2011"]
[Source "ChessBase"]
[SourceDate "2010.11.26"]
[SourceVersion "1"]
[SourceVersionDate "2010.11.26"]
[SourceQuality "1"]

1. e4 e5 2. Nf3 Nc6 3. c3 Nf6 4. d4 exd4 5. e5 Ng4 6. cxd4 Bb4+ 7. Nc3 d6 8. h3 Nh6 9. Bc4 dxe5 10. d5 e4 11. Nd2 e3 12. dxc6 exf2+ 13. Kf1 0-0 14. Qf3 bxc6 15. Qxf2 Be6 16. Be2 Qe7 17. Nb3 Rad8 18. Bxh6 gxh6 19. Ne4 f5 20. Qg3+ Kh8 21. Qe5+ Kg8 22. Nec5 Rd6 23. Qg3+ Kh8 24. Nxe6 Rxe6 25. Nd4 f4 26. Qf3 Re3 27. Qxc6 Bc5 28. Qa4 Bxd4 29. Qxd4+ Rf6 30. Re1 c5 31. Qd1 Rd6 32. Qc1 Rd4 33. b3 a5 34. Bc4 Rxe1+ 35. Qxe1 Re4 36. Qa1+ Qg7 37. Qxg7+ Kxg7 38. Kf2 Kf6 39. Re1 Rxe1 40. Kxe1 Ke5 41. Bg8 h5 42. Bxh7 Kd4 43. Kd2 h4 44. Bg6 c4 45. bxc4 Kxc4 46. Ke2 Kc3 47. Kf3 Kd4 48. Kxf4 1-0